| 000 | 00484nam a2200181Ia 4500 | ||
|---|---|---|---|
| 005 | 20250508162025.0 | ||
| 008 | 008 250505s9999 xx 000 0 eng d | ||
| 037 | _aTextual | ||
| 040 |
_aFEDL _beng _cFEDL |
||
| 041 |
_aeng _2eng |
||
| 084 |
_a501, THI _qFEDL |
||
| 100 |
_aThirumalai M S _967988 |
||
| 245 | 0 | _aLanguage in science | |
| 260 |
_aMysore, India _bGeetha Book House _c1979 |
||
| 300 | _axi,280p | ||
| 942 |
_cTEXL _h501, THI |
||
| 999 |
_c1373899 _d1373899 |
||